|
|
|
|
| LEADER |
00000nab a2200000 a 4500 |
| 001 |
vtls000497181 |
| 003 |
SK-MaSNL |
| 005 |
20260304055056.0 |
| 008 |
140302c1993 xo 0 slo |
| 015 |
|
|
|a SNBRB19rr/mm-uuuuu
|
| 035 |
|
|
|a CL0497319
|
| 040 |
|
|
|a SNKBUCL
|b slo
|c SNKBUCL
|e AACR2
|
| 041 |
0 |
|
|a slo
|
| 044 |
|
|
|a xo
|c SK
|
| 080 |
|
|
|a 37.03:504(492)
|2 1981
|
| 080 |
|
|
|a 504:37.03(492)
|2 1981
|
| 100 |
1 |
|
|a Medal, Richard
|4 aut
|9 370648
|
| 245 |
1 |
0 |
|a Holandsko a ekológia
|c Richard Medal
|
| 650 |
0 |
7 |
|a výchova ekologická
|2 snkbucl
|9 923200
|
| 651 |
|
7 |
|a Holandsko
|2 snkbucl
|9 17433
|
| 655 |
|
7 |
|a články z novín a časopisov
|2 snkbucl
|9 267496
|
| 773 |
0 |
|
|t Učiteľské noviny
|g Roč. 43, č. 35 (1993), s. 6
|
| 850 |
|
|
|a Slovenská národná knižnica v Martine
|a MTA001
|
| 852 |
|
|
|a SNK
|b KIS3GCP
|
| 958 |
|
|
|a RK
|
| 958 |
|
|
|a NL
|
| 992 |
|
|
|a RBX
|
| 999 |
|
|
|c 2722162
|d 2724092
|